000 00857nam a2200253 i 4500
001 bg
245 1 0 _aOgólna uprawa warzyw /
_cpod red. Mikołaja Knaflewskiego ; aut. Katarzyna Adamczewska-Sowińska [et al.].
260 _aPoznań :
_bPaństwowe Wydawnictwo Rolnicze i Leśne,
_c2007.
300 _a405 s., [16] s. tabl. kolor. :
_bil. ;
_c24 cm.
504 _aBibliogr. przy rozdz.
650 9 _aWarzywa
_xuprawa
655 _aPodręczniki akademickie
700 1 _aKnaflewski, Mikołaj.
_eRed.
700 1 _aAdamczewska-Sowińska, Katarzyna
020 _a9788309010258
040 _cBPK
041 0 _apol
044 _aPOL
080 _a635.1/.7(075.8)
920 _a978-09-01025-8
942 _cKS
008 s pl f |000 0 pol
999 _c54807
_d54807
856 _uhttp://koha.tu.koszalin.pl/cgi-bin/koha/opac-detail.pl?biblionumber=54807
_yKatalog online BPK